000 00448nam a2200181Ia 4500
001 15715
005 20260306170216.0
008 260306t2012||||xx |||||||||||||| ||und||
041 _aESP
082 _a581.78
_bT46
100 _aThenkabail, Prasad S.
_eAUT
245 0 _aHyperspectral remote sensing of vegetation
260 _c2012
300 _axxxi, 705 páginas :
_c26 cm.
650 _aGEN
654 _aCCN
942 _cLIB
_dJUS
_fJUS
_2ddc
_n
999 _c15715
_d15715